| 000 | 01096nam a22002657a 4500 | ||
|---|---|---|---|
| 005 | 20170124102947.0 | ||
| 010 | _aB-075023 | ||
| 020 |
_c250.00 _a8170559758 |
||
| 035 | _aB-075023 | ||
| 037 | _bCen Lib/Ret | ||
| 040 |
_aDPL _bHN |
||
| 082 |
_a820.8 _bजैनवी |
||
| 100 |
_aजैन, वीरेन्द्र _950296 |
||
| 245 |
_aअभिवादन और खेद सहित / _cवीरेन्द्र जैन |
||
| 246 |
_aAbhivadan aur khed sahit / _bby Veerendra Jain |
||
| 260 |
_aनई दिल्ली _bवाणी प्रकाशन _c2002 |
||
| 270 |
_bनई दिल्ली _a21-ए, दरियागंज _e110002 |
||
| 300 |
_a274पृ. _c21सेमी (सजिल्द) |
||
| 500 | _aअनुक्रमाणिका शामिल | ||
| 650 |
_aहिन्दी -- साहित्य _950297 |
||
| 650 |
_aहिन्दी -- कहानियां _950298 |
||
| 650 |
_aHindi -- literature _950299 |
||
| 650 |
_aHindi - Stories _950300 |
||
| 942 |
_2ddc _cHN _h820.8 _mजैनवी |
||
| 999 |
_c113035 _d113035 |
||